00483cam a22001213u 4500082001900000100003300019245014200052260002900194500003300223526003700256650000800293856006000301 a338.17498bMAN1 aGamble, J. S. (James Sykes),10aManual of Indian timbersban account of the structure, growth, distribution, and qualities of Indian woods /cGamble, J. S. (James Sykes) a[S.l.] :b[s.n.],c1881. aTitle from content provider. a0b0c0d338_174980000000000_MAN aMCE40uhttp://www.columbia.edu/cgi-bin/cul/resolve?clio9260808